<?xml version="1.0" encoding="UTF-8"?>
<marc:record xmlns:marc="http://www.loc.gov/MARC21/slim">
   <marc:leader>00000nam a2200000 a 4500</marc:leader>
   <marc:datafield ind1="1" ind2=" " tag="100">
      <marc:subfield code="a">Brown, Lester R.</marc:subfield>
   </marc:datafield>
   <marc:datafield ind1=" " ind2=" " tag="653">
      <marc:subfield code="a">Radioaktivität</marc:subfield>
   </marc:datafield>
   <marc:datafield ind1=" " ind2=" " tag="653">
      <marc:subfield code="a">Abfall</marc:subfield>
   </marc:datafield>
   <marc:datafield ind1=" " ind2=" " tag="653">
      <marc:subfield code="a">Ressourcen</marc:subfield>
   </marc:datafield>
   <marc:datafield ind1=" " ind2=" " tag="653">
      <marc:subfield code="a">Gesundheit</marc:subfield>
   </marc:datafield>
   <marc:datafield ind1=" " ind2=" " tag="653">
      <marc:subfield code="a">Stadtentwicklung</marc:subfield>
   </marc:datafield>
   <marc:datafield ind1=" " ind2=" " tag="653">
      <marc:subfield code="a">Frauen</marc:subfield>
   </marc:datafield>
   <marc:datafield ind1=" " ind2=" " tag="653">
      <marc:subfield code="a">Artenvielfalt</marc:subfield>
   </marc:datafield>
   <marc:datafield ind1=" " ind2=" " tag="653">
      <marc:subfield code="a">Arbeitsplatz</marc:subfield>
   </marc:datafield>
   <marc:datafield ind1="0" ind2="0" tag="245">
      <marc:subfield code="a">Zur Lage der Welt 1992</marc:subfield>
   </marc:datafield>
   <marc:datafield ind1="0" ind2="0" tag="245">
      <marc:subfield code="b">Daten für das Überleben unseres Planeten</marc:subfield>
   </marc:datafield>
   <marc:datafield ind1=" " ind2="1" tag="264">
      <marc:subfield code="a">Frankfurt/M.</marc:subfield>
      <marc:subfield code="b">Fischer TB-Verl.</marc:subfield>
      <marc:subfield code="c">1992</marc:subfield>
   </marc:datafield>
   <marc:datafield ind1="1" ind2=" " tag="520">
      <marc:subfield code="a">PZ 2/92*178 Mit dem jährlich erscheinenden Bericht wird ein unerläßlicher und einzigartiger Band vorgelegt. Die Fülle aktueller Daten sucht seinesgleichen ebenso wie die Synthese von kritisch fundierter Mahnung und tragfähiger Perspektive. Neu und im Sinne einer möglichst großen Verbreitung hervorzuheben ist indes, daß der Bericht erstmals als Taschenbuch aufgelegt wurde. Zum Inhalt: Sandra Postel wendet sich einleitend in aller Schärfe gegen die zögerliche Politik auf allen Ebenen. Im "Jahrzehnt der Verleugnung" genügten 2% der jährlich weltweit getätigten Militärausgaben, also 20 Mrd. US $, um alle Menschen mit Nahrung, Bildungseinrichtungen und Gesundheitsdiensten zu versorgen. Wie Lester Brown in seinem Plädoyer für eine "ökologische Revolution" das Festhalten der Weltwirtschaft an starrem, kurzsichtigen Profitdenken mit der letalen Dickhäutigkeit der ehemaligen kommunistischen Eliten vergleicht, so stellt auch Postel die Frage, wer denn der Gorbatschow einer dauerhaften und sozialverträglichen Wirtschaft werden könnte. Neben einer faktenreichen Darstellung zur Krise der globalen Viehwirtschaft verdient v.a. ein Abschnitt zur Verbesserung der Gesundheit von Frauen hervorgezoben zu werden. Weitere Themen: der Bergbau als eine der schwerwiegendsten Umweltbelastungen, die Gestaltung menschengerechter Städte und die Schaffung nachhaltiger Arbeitsplätze in den Industrieländern.</marc:subfield>
   </marc:datafield>
   <marc:datafield ind1=" " ind2=" " tag="020">
      <marc:subfield code="a">359611327X</marc:subfield>
      <marc:subfield code="9">359611327X</marc:subfield>
   </marc:datafield>
   <marc:datafield ind1="0" ind2=" " tag="490">
      <marc:subfield code="v">0</marc:subfield>
   </marc:datafield>
   <marc:datafield ind1=" " ind2=" " tag="300">
      <marc:subfield code="a">318 S.</marc:subfield>
   </marc:datafield>
</marc:record>
